| 000 | 00416cam a2200169ua 4500 | ||
|---|---|---|---|
| 041 |
_aeng _h |
||
| 082 |
_a823.308 _bSWI/GU |
||
| 100 | _aSwift, Jonathan . | ||
| 245 |
_aGulliver`s Travels / _cJonathan Swift. _hTextual Documents |
||
| 260 |
_aLondon : _bJ M Dent and Sons Ltd , _c1961. |
||
| 300 | _a210 ; . | ||
| 504 | _a | ||
| 942 | _cBK | ||
| 999 |
_c1040 _d1040 |
||